000 00590cam a22002291 4500
001 sa 63002127
003 DLC
005 20260227111932.0
008 890718s1962 ii a 000 0 maro
010 _asa 63002127
035 _a(OCoLC)20027155
040 _aDLC
_cWaU
_dDLC
042 _apremarc
043 _aa-ii---
050 0 0 _aPK2411
_b.D4 1962
100 1 _aDesāī, Vasanta Śāntārāma,
_d1902-
245 1 0 _aMakhamalīcā paḍadā.
260 _c[1962]
300 _a355 p.
_billus.
_c22 cm.
500 _aIn Marathi.
650 0 _aMarathi drama
_xHistory and criticism.
999 _c54342
_d54342